000 00572nam a2200181Ia 4500
008 191130s2007##################000#0#eng##
020 _a9781843764342
040 _aACL
_cACL
082 _a338.6048 JON
100 _aDe Jong, Henry w
245 _aPioneers of industrial organization : how the economics of competition and monopoly took shape
_cHenry W. de Jong
260 _aCheltenham, UK ; Northampton, MA
_bEdward Elgar
_c2007
300 _a309 p.23 cm
650 _aEconomics
990 _a85b75ecfac10000c4ca0a942254558d7
991 _a197316
999 _c37097
_d37097